La señora de Cardoza

Guardado en:
Bibliografiske detaljer
Hovedforfatter: Sanabria, Gonzalo
Format: Bog
Sprog:Undetermined
Udgivet: San José, Costa Rica Antonio Lehman 1956
Fag:
Tags: Tilføj Tag
Ingen Tags, Vær først til at tagge denne postø!

MARC

LEADER 00000nam a2200000Ia 4500
008 170316s9999 xx 000 0 und d
040 |a cru BVZT 
090 |a 868 S-12s 
100 |a Sanabria, Gonzalo 
245 |a La señora de Cardoza 
260 |a San José, Costa Rica 
260 |b Antonio Lehman 
260 |c 1956 
300 |a 160 páginas 
650 |a LITERATURA COSTARRICENSE 
999 |c 11545  |d 11545 
942 |c 15 D  |h 868 S-12s  |2 z